000 00790nam a2200229 i 4500
001 142736
003 ES-MaACL
005 20251121172349.0
007 t|
008 071009s1972 sp ||||1| spa d
080 _a860(83) Donoso, José 1.06
100 1 _aVidal, Hernán.
_9114431
245 1 0 _aJosé Donoso
_b: surrealismo y rebelión de los instintos /
_cHernán Vidal.
250 _a[1ª ed.].
260 _a[San Antonio de Calonge (Gerona)] :
_bBosch,
_c[1972]
300 _a245 p. ;
_c18 cm.
490 1 _aColección Aubí ;
_v7.
_aClásicos y ensayos
600 0 4 _aDonoso, José,
_d1924-1996-
_xCrítica e interpretación
_945337
830 0 _aColección Aubí ;
_v7.
_aClásicos y ensayos
_9220508
852 _aES-MaACL
_jC-52900
_bR.86377
999 _c142736
_d142736